000
00307nam a22001337a 4500
008
180316b xxu||||| |||| 00| 0 eng d
020
_a
0393967042
041
_a
eng
080
_a
82
100
_a
23
101
_a
gju
245
_a
the norton introduction to literature
_c
crockett.b
942
_2
udc
_c
BK
999
_c
45221
_d
45221